| 000 | 00904nas a2200301 4500 | ||
|---|---|---|---|
| 001 | BR0500977 | ||
| 003 | BR-BrBNA | ||
| 005 | 20231205105137.0 | ||
| 007 | ta | ||
| 008 | 230509b bl.|||p| |||| 00| 00por d | ||
| 040 |
_aBR-BrBNA _bpor _cBiblioteca Nacional de Agricultura |
||
| 041 | _a(En) | ||
| 072 | _aL73; L70 | ||
| 100 | 1 | _aGadelha, C.R.F. | |
| 100 | 1 | _aRibeiro, A.P.C. | |
| 100 | 1 | _aApparício, M.F. | |
| 100 | 1 | _aCovizi, C.J. | |
| 100 | 1 | _aVicente, W.R.R. | |
| 245 | 1 | _aAcquired vesicovaginal fistula secondary to ovariohysterectomy in a bitch: a case report | |
| 650 | _aCÃO | ||
| 650 | _aFÍSTULA | ||
| 650 | _aVAGINA | ||
| 650 | _aOVÁRIO | ||
| 650 | _aCIRURGIA | ||
| 773 | 0 |
_tArquivo Brasileiro de Medicina Veterinária e Zootecnia (Brazil) _xISSN 0102-0935 _g(Apr 2004), v. 56(2) p. 183-186 _wBR0500977 |
|
| 909 |
_a202311 _bLúcia _c55 _dLúcia Elande |
||
| 942 |
_2AGRIS _n0 _cANA |
||
| 999 |
_c181462 _d181462 |
||